000 00729cab a2200229 4500
001 WB3503-38
008 090401t1999 xxu||||| |||| 00| 0 eng d
035 _a(Sirsi) u90779
041 _aeng
245 _aMerger baffles rivals
260 _c1999
350 _a0
490 _aProperty Week
_v64(2) 15 January 1999, 2-3(2)
520 _aRichard Ellis is likely to pay £25m in cash and shares for St Quintin. Mid-sized surveying firms are hoping to win new clients and disaffected staff in the wake of the merger.
650 _aMERGER
650 _aCBRE
650 _aST QUINTIN
650 _aSURVEYING FIRMS
690 _aMANAGEMENT-BUSINESS MANAGEMENT-PROFESSIONAL PRACTICE
942 _n0
948 _c19/01/1999
999 _c57572
_d57572